| 000 | 01049cam a22003017a 4500 | ||
|---|---|---|---|
| 003 | CHAP | ||
| 005 | 20220329141809.0 | ||
| 008 | 971013s1928 r 00010 d | ||
| 010 | _a73978 | ||
| 011 | _a74950 | ||
| 035 | _a84509 | ||
| 040 | _cCHAP | ||
| 082 |
_a631.0913 _bB37 |
||
| 100 | 0 | 0 |
_aBarrett, Otis Warren. _910471 |
| 245 | 1 | 4 | _aThe tropical crops, a popular treatment of the practice of agriculture in tropical regions with discussion of cropping systems and methods of growing the leading products |
| 260 |
_aNew York : _bMacMillan, _c1928 |
||
| 300 |
_a445 p. _b: ilus. |
||
| 590 |
_aBATCH-UPD _b10 _c20130110 _lUCH01 _h0836 |
||
| 590 |
_aBATCH-UPD _b10 _c20130410 _lUCH01 _h0515 |
||
| 590 |
_aBATCH-UPD _b10 _c20130914 _lUCH01 _h0541 |
||
| 590 |
_aCONVERSION _b10 _c20130109 _lUCH01 _h1340 |
||
| 650 | 1 | 4 |
_aCultivos tropicales. _930383 |
| 650 | 1 | 4 |
_aFruticultura _xTrĂ³picos. _943755 |
| 650 | 1 | 4 |
_aPlantas tropicales. _989088 |
| 901 | _aBK | ||
| 942 | _cLIBRO | ||
| 949 |
_a631.0913 B37 _bBC _cLIBRO _d33724000051488 _eLIBRO _h20025 _i84509 _si |
||
| 999 |
_c73978 _d73978 |
||